Premier League Player of the Month - 1990s - Statistics

General Stats
  • This quiz has been taken 53 times
  • The average score is 30 of 57
Answer Stats
Season Month Club Player % Correct
1994/95 November (Shared) Blackburn Rovers Alan Shearer
91%
1998/99 September Newcastle United Alan Shearer
91%
1998/99 August Liverpool Michael Owen
85%
1997/98 August Arsenal Dennis Bergkamp
83%
1997/98 September Arsenal Dennis Bergkamp
83%
1999/00 April Arsenal Thierry Henry
83%
1997/98 November (Shared) Manchester United Andy Cole
80%
1996/97 August Manchester United David Beckham
80%
1995/96 March Manchester United Eric Cantona
80%
1995/96 February Aston Villa Dwight Yorke
78%
1998/99 January Manchester United Dwight Yorke
78%
1999/00 March Manchester United Dwight Yorke
78%
1995/96 December Liverpool Robbie Fowler
78%
1995/96 January (Shared) Liverpool Robbie Fowler
78%
1996/97 November Arsenal Ian Wright
76%
1999/00 August Manchester United Robbie Keane
76%
1998/99 October Manchester United Roy Keane
76%
1999/00 December Manchester United Roy Keane
76%
1994/95 November (Shared) Blackburn Rovers Chris Sutton
67%
1997/98 February Blackburn Rovers Chris Sutton
67%
1995/96 August Newcastle United David Ginola
65%
1998/99 December Tottenham Hotspur David Ginola
65%
1994/95 December Southampton Matt Le Tissier
65%
1996/97 October Southampton Matt Le Tissier
65%
1994/95 April Arsenal David Seaman
61%
1997/98 January Coventry City Dion Dublin
59%
1998/99 November Aston Villa Dion Dublin
59%
1996/97 December Chelsea Gianfranco Zola
59%
1997/98 April Arsenal Emmanuel Petit
54%
1994/95 August Tottenham Hotspur Jurgen Klinsmann
54%
1998/99 February Arsenal Nicolas Anelka
54%
1999/00 October Sunderland Kevin Phillips
52%
1997/98 December Liverpool Steve McManaman
50%
1998/99 April Everton Kevin Campbell
48%
1998/99 March Arsenal Ray Parlour
48%
1994/95 October Manchester United Paul Ince
41%
1994/95 February Everton Duncan Ferguson
37%
1994/95 March Leeds United Tony Yeboah
37%
1995/96 September Leeds United Tony Yeboah
37%
1999/00 September Leicester City Muzzy Izzet
35%
1994/95 January Sheffield Wednesday Chris Waddle
30%
1999/00 February Aston Villa Paul Merson
30%
1994/95 September Newcastle United Rob Lee
30%
1995/96 November Newcastle United Rob Lee
30%
1995/96 April Everton Andrei Kanchelskis
28%
1995/96 January (Shared) Liverpool Stan Collymore
28%
1996/97 March Middlesbrough Juninho
26%
1996/97 January Blackburn Rovers Tim Flowers
26%
1995/96 October Queens Park Rangers Trevor Sinclair
24%
1999/00 November Liverpool Sami Hyypia
22%
1996/97 September Liverpool Patrik Berger
20%
1996/97 February Wimbledon Robbie Earle
20%
1999/00 January Aston Villa Gareth Southgate
17%
1997/98 November (Shared) Southampton Kevin Davies
9%
1997/98 March Arsenal Alexander Manniger
2%
1996/97 April Southampton Mickey Evans
0%
1997/98 October Derby County Paulo Wachope
0%
No matching quizzes found
Score Distribution
Percent of People with Each Score
Percentile by Number Answered
Your Score History
You have not taken this quiz